Vainqueur du Tournoi ATP de Halle - Statistiques

Statistiques générales
  • Ce quiz a été pris 16 fois
  • Le résultat moyen est 14 sur 30
Statistiques - réponses
Année Vainqueur % Correct
2003 Federer
93%
2004 Federer
93%
2005 Federer
93%
2006 Federer
93%
2008 Federer
93%
2013 Federer
93%
2014 Federer
93%
2015 Federer
93%
2017 Federer
93%
2019 Federer
93%
2009 Haas
53%
2012 Haas
53%
2021 Humbert
53%
2010 Hewitt
47%
2007 Berdych
40%
2023 Bublik
40%
2018 Coric
27%
2022 Hurkacz
27%
1997 Kafelnikov
20%
1998 Kafelnikov
20%
2002 Kafelnikov
20%
1994 Stich
20%
2001 Johansson
13%
1999 Kiefer
13%
2011 Kohlschreiber
13%
1993 Leconte
13%
2016 Mayer
13%
1996 Kulti
7%
2000 Prinosil
7%
1995 Rosset
7%
Aucun quiz correspondant
Distribution des résultats
% des personnes avec chaque résultat
Percentile par nombre de réponses
Votre historique - résultats
Vous n’avez pas pris ce quiz